[Event "Moscow Aeroflot op-B"]
[Site "Moscow"]
[Date "2005.02.21"]
[Round "7"]
[White "Zakharevich, Igor"]
[Black "Maze, Sebastien"]
[Result "0-1"]
[WhiteElo "2526"]
[BlackElo "2455"]
[PlyCount "119"]
[EventDate "2005.02.15"]
[EventType "swiss"]
[EventRounds "9"]
[EventCountry "RUS"]
[SourceTitle "EXT 2006"]
[Source "ChessBase"]
[SourceDate "2005.11.24"]
[SourceVersion "1"]
[SourceVersionDate "2005.11.24"]
[SourceQuality "1"]

1. d4 d5 2. Nf3 Nf6 3. c4 e6 4. Bg5 Be7 5. Nc3 h6 6. Bh4 0-0 7. e3 b6 8. Rc1 Bb7 9. Bxf6 Bxf6 10. cxd5 exd5 11. b4 c6 12. Bd3 Qd6 13. Qb3 Nd7 14. 0-0 Be7 15. Bf5 Rfd8 16. Rb1 g6 17. Bh3 Kg7 18. Rfe1 f5 19. Red1 h5 20. g3 Bf6 21. Qc2 a5 22. b5 c5 23. Ne2 Rac8 24. Qd3 Re8 25. Rbc1 c4 26. Qc2 Nf8 27. Bg2 Ne6 28. h4 Nd8 29. Nf4 Nf7 30. Nd2 Qd7 31. a4 Bd8 32. Re1 Bc7 33. Nf3 Rcd8 34. Bh3 Qe7 35. Kh2 Qf6 36. Bg2 Nh6 37. Kg1 Ng4 38. Ne2 Qf8 39. Nc3 Nf6 40. Ng5 Ne4 41. Nh3 Qf6 42. Ne2 Bc8 43. Nhf4 Be6 44. Nxe6+ Rxe6 45. Qd1 Re7 46. Bxe4 fxe4 47. Nf4 Qf5 48. Kg2 Bd6 49. Rc2 Rc8 50. Qe2 Rec7 51. Ra1 c3 52. Raa2 Rc4 53. Nh3 Rb4 54. f4 Rb3 55. Nf2 Ba3 56. Nd1 Rc4 57. Kh2 Qc8 58. Qe1 Qg4 59. Nf2 Qf3 60. Nd1 0-1

[Event "Moscow Aeroflot op-B"]
[Site "Moscow"]
[Date "2005.02.18"]
[Round "4"]
[White "Zakharevich, Igor"]
[Black "Looshnikov, Nikolai"]
[Result "1/2-1/2"]
[WhiteElo "2526"]
[BlackElo "2455"]
[PlyCount "84"]
[EventDate "2005.02.15"]
[EventType "swiss"]
[EventRounds "9"]
[EventCountry "RUS"]
[SourceTitle "EXT 2006"]
[Source "ChessBase"]
[SourceDate "2005.11.24"]
[SourceVersion "1"]
[SourceVersionDate "2005.11.24"]
[SourceQuality "1"]

1. d4 Nf6 2. c4 d6 3. Nc3 e5 4. Nf3 Nbd7 5. e4 Be7 6. Be2 0-0 7. 0-0 c6 8. Be3 a6 9. d5 cxd5 10. cxd5 Ng4 11. Bd2 b5 12. Ne1 Ngf6 13. Nc2 Nb6 14. Nb4 Bb7 15. Rc1 Rc8 16. b3 Nbd7 17. Nd3 a5 18. a3 Rxc3 19. Bxc3 Nxe4 20. Be1 Qb6 21. b4 axb4 22. Nxb4 Ndc5 23. Rb1 Nf6 24. Nc6 Nxd5 25. Nxe7+ Nxe7 26. Bxb5 Ng6 27. Be2 Qc6 28. f3 Nf4 29. Bb5 Qc7 30. Bg3 Nfe6 31. Re1 Ra8 32. a4 h6 33. Bf2 Bc6 34. Qc2 Bd5 35. Red1 Bb7 36. Rbc1 Qe7 37. Be3 h5 38. Ra1 h4 39. Qf5 Nb3 40. Rab1 Nbd4 41. Qg4 Bc8 42. Qe4 Bb7 1/2-1/2

[Event "Vladimir op"]
[Site "Vladimir"]
[Date "2004.08.19"]
[Round "2"]
[White "Danin, Alexandre"]
[Black "Zakharevich, Igor"]
[Result "0-1"]
[WhiteElo "2429"]
[BlackElo "2532"]
[PlyCount "47"]
[EventDate "2004.08.18"]
[EventType "swiss"]
[EventRounds "9"]
[EventCountry "RUS"]
[SourceTitle "EXT 2005"]
[Source "ChessBase"]
[SourceDate "2004.11.15"]
[SourceVersion "1"]
[SourceVersionDate "2004.11.15"]
[SourceQuality "1"]

1. e4 g6 2. d4 Bg7 3. Nc3 d6 4. Nge2 a6 5. g3 b5 6. Bg2 Bb7 7. 0-0 Nd7 8. a4 b4 9. Nd5 c5 10. e5 dxe5 11. dxc5 Nxc5 12. Be3 Nd7 13. a5 e6 14. Nb6 Bxg2 15. Kxg2 Ngf6 16. Ra4 Bf8 17. c3 Qb8 18. Nxa8 Qxa8+ 19. Kg1 Nd5 20. cxb4 Bxb4 21. Qb3 Be7 22. Re4 0-0 23. Qa4 Nxe3 24. fxe3 0-1